00813nam a2200217 a 450000100100000000500170001000800410002702000150006804000250008308200150010810000450012324500530016826000750022130000200029649000220031650000710033859000270040983000290043695201130046599900170057800003635120200930075702.0120113s1996 mx 000 p spa d a9682987725 aDO-SdBNPbspacBNPHU axxxbC828a1 aCortés Bargalló, Luis,d1952-96253010aAl margen indomable /cLuis Cortés Bargalló. aMéxico, D.F. :bConsejo Nacional para la Cultura y las Artes,c1996. a93 p. ;c21 cm.1 aPráctica mortal aIncluye datos biográficos del autor en la solapa de la cubierta. aInventariado, 2019/ YL 0aPráctica mortal914623 001050718MOaGRbGRcCTd2012-01-13iLF1l0oxxx C828ap36352-10r2020-06-25w2020-06-25y1ZNo se presta c35842d35842